| 000 | 00623nam a2200205Ia 4500 | ||
|---|---|---|---|
| 003 | GCL | ||
| 008 | 140319s9999 xx 000 0 ara d | ||
| 040 |
_aGCL / _cGCL |
||
| 082 | 0 | 4 |
_a531.1 _bك م |
| 100 | 1 | _aكيتل شارلز | |
| 245 | 1 | 0 |
_aمقرر بيركلى فى الفيزياء الميكانيكا / _cكيتل شارلز |
| 700 | 1 | _aنايت , ب. | |
| 700 | 1 | _aرودرمان، مالفين | |
| 260 |
_a[S.N] : _bالدار الدولية للنشر والتوزيع ، _c1993 |
||
| 300 | _a668 ص | ||
| 490 | _a | ||
| 650 | 0 | 4 | _aالفيزياء |
| 650 | 0 | 4 | _aالميكانيكا |
| 942 |
_2ddc _cBK |
||
| 999 |
_c34932 _d34932 |
||